00409cam a2200157ua 45000010005000000080039000050400009000440820008000531000027000612450056000882600041001443000011001856530022001966530022002186530011002405973131029n ii |||gr||||Z||||||eng cMAIN a940 aFisher,H.A.L,eAuthor. aHistory Of Europe : bVol ii / cby H.A.L Fisher .  aDelhi:bSurjeet Publications,c1981. a1300p. aHistory of Europe aHistory Of Europe aVol ii